000 01355nam0a2200289 4500
001 RU\NLR\BIBL_A\022369624
005 20250128194045.0
035 _a(NLR Aleph) 022369624
090 _a13328279
_c13328279
100 _a20241101d1970 u y0rusy50 ca
101 0 _aaze
_crus
102 _aAZ
105 _aa z 000 y
200 1 _aХариҹи өлкәләрин игтисади ҹoғрафиjасы
_eорта мәктәб үчүн дәрс вәсаити
_fА . Г. Артjемjева, В. П. Максаковски, С. Н. Раковски вә б.
_gред. В. П. Максаковски
205 _a[7-ҹи нәшр]
210 _aБакы
_cМаариф
_d1970
215 _a431, [1] c.
_cил.
_d22
300 _aНа обл. авт. не указаны
541 1 _aЭкономическая география зарубежных стран
_eучеб.пособ. для сред шк.
_zrus
686 1 _aУ04 я72
701 1 _aАртемьева
_bА. Г.
_gАлександра Григорьевна
_4070
701 1 _aМаксаковский
_bВ. П.
_f1924-2015
_gВладимир Павлович
_3RU\NLR\AUTH\773127
_4070
701 1 _aРаковский
_bС. Н.
_f1923-
_gСергей Николаевич
_4070
852 _aNLR
_bОНЛ
_jАзерб./3-8938
942 _cBOOK
980 _aNB